Plant Morphology Sem.- II F. Y. B. Sc. (Record no. 365402)
[ view plain ]
| 000 -LEADER | |
|---|---|
| fixed length control field | 00347nam a22001457a 4500 |
| 005 - DATE AND TIME OF LATEST TRANSACTION | |
| control field | 20250307154943.0 |
| 008 - FIXED-LENGTH DATA ELEMENTS--GENERAL INFORMATION | |
| fixed length control field | 250307b |||||||| |||| 00| 0 eng d |
| 041 ## - LANGUAGE CODE | |
| Language code of text/sound track or separate title | Eng. |
| 100 ## - MAIN ENTRY--PERSONAL NAME | |
| Author | Dhumal, K. N. & Others |
| 245 ## - TITLE STATEMENT | |
| Title | Plant Morphology Sem.- II F. Y. B. Sc. |
| 250 ## - EDITION STATEMENT | |
| Edition statement | 1st ed. |
| 260 ## - PUBLICATION, DISTRIBUTION, ETC. | |
| Place of publication, distribution, etc. | Pune |
| Name of publisher, distributor, etc. | Nirali |
| 300 ## - PHYSICAL DESCRIPTION | |
| Extent | R.1 |
| 942 ## - ADDED ENTRY ELEMENTS (KOHA) | |
| Koha item type | Books |
| Withdrawn status | Lost status | Source of classification or shelving scheme | Damaged status | Not for loan | Home library | Current library | Date acquired | Vendor | Cost, normal purchase price | Bill number | Total Checkouts | Barcode | Date last seen | Date last checked out | Bill Date | Koha item type | Original Barcode | Date due |
|---|---|---|---|---|---|---|---|---|---|---|---|---|---|---|---|---|---|---|
| Dewey Decimal Classification | Shri Siddhivinayak Mahila Mahavidyalaya | Shri Siddhivinayak Mahila Mahavidyalaya | 07/03/2025 | Nirali | 85.00 | P 69148 | 6 | SSMM-BK-32286 | 14/03/2026 | 04/03/2026 | Books | 010032286 | ||||||
| Dewey Decimal Classification | Shri Siddhivinayak Mahila Mahavidyalaya | Shri Siddhivinayak Mahila Mahavidyalaya | 07/03/2025 | Nirali | 85.00 | P 69148 | 8 | SSMM-BK-32287 | 01/04/2026 | 01/04/2026 | Books | 010032287 | 08/04/2026 | |||||
| Dewey Decimal Classification | Shri Siddhivinayak Mahila Mahavidyalaya | Shri Siddhivinayak Mahila Mahavidyalaya | 07/03/2025 | Nirali | 85.00 | P 69148 | 8 | SSMM-BK-32288 | 01/04/2026 | 01/04/2026 | Books | 010032288 | 08/04/2026 | |||||
| Dewey Decimal Classification | Shri Siddhivinayak Mahila Mahavidyalaya | Shri Siddhivinayak Mahila Mahavidyalaya | 07/03/2025 | Nirali | 85.00 | P 69148 | 10 | SSMM-BK-32289 | 12/03/2026 | 11/03/2026 | Books | 010032289 | ||||||
| Dewey Decimal Classification | Shri Siddhivinayak Mahila Mahavidyalaya | Shri Siddhivinayak Mahila Mahavidyalaya | 07/03/2025 | Nirali | 85.00 | P 69148 | 3 | SSMM-BK-32290 | 14/03/2026 | 10/03/2026 | Books | 010032290 |